000 00514nam a22001937i 4500
003 DO-SdBNP
005 20230906091731.0
007 ta
008 210113b2014 ||||| |||| 00| 0 spa d
040 _aDO-SdBNP
_bspa
_cBNPHU
_erda
082 _bC357
_a056.0216
_222
245 _aCatàlogo Santuario 2014
264 _aSanto Domingo :
_bSantuario,
_c2014
300 _a117 p. ;
_c23.5 cm
590 _aInventariado, 2021 / DG
650 _aCatàlogo
_977668
910 _aInventariado, 2021 / DG
942 _2ddc
_cLBS1
999 _c49313
_d49313